Ils portent un des patronymes les plus communs en France - Statistiques

Statistiques générales
  • Ce quiz a été pris 105 fois
  • Le résultat moyen est 7 sur 25
Statistiques - réponses
Indice 1 Indice 2 Patronyme Rang % Correct
Jacques, Patrice, Anouchka M Martin 1
76%
Christophe, Eugène, Nolwenn L Leroy 14
68%
Alain, Claude, Tristan B Bernard 2
62%
Clément, Hugo, Stella D Dupont 22
57%
Adrien, Evelyne, Guy T Thomas 3
43%
Fabien, Xavier, James B Bertrand 17
36%
Angèle, Pierre, Thomas D Durand 7
36%
Jean-Louis, Laurent, Franck D David 16
33%
Amandine, Emmanuel, Philippe P Petit 4
29%
Pierre, Jean, Firmine R Richard 6
29%
Just, Logan, Thomas F Fontaine 24
28%
Albane, Marie, Michel D Dubois 8
26%
Augustin, Pierre, Mélanie L Laurent 10
26%
Ernest, Sarah, Natacha M Michel 12
26%
Jean-Jacques, Henri, Nita R Rousseau 25
23%
Paul, Yves, Michel S Simon 11
23%
Fabrice, Jeanne, Thierry M Moreau 9
21%
Chloé, Jonathan, Dode L Lambert 23
17%
Alain, Marthe, Jacques R Robert 5
16%
Ambroise, Guy, Yann R Roux 15
16%
Brigitte, Jean, Marcel L Lefebvre 23
12%
Alain, Charlotte, Patricia G Girard 20
7%
Gaël, Jacques, Suzy M Morel 18
7%
Jacques, Jean, Marcel F Fournier 19
6%
Agnès, Charlotte, Grégoire B Bonnet 21
2%
Aucun quiz correspondant
Distribution des résultats
% des personnes avec chaque résultat
Percentile par nombre de réponses
Votre historique - résultats
Vous n’avez pas pris ce quiz